Textbook of Pharmacology, Pathology and Genetics-II for BSc Nursing Students Semester-IV (Record no. 357090)
[ view plain ]
| 000 -LEADER | |
|---|---|
| fixed length control field | 00493nam a22001697a 4500 |
| 005 - DATE AND TIME OF LATEST TRANSACTION | |
| control field | 20240217120927.0 |
| 008 - FIXED-LENGTH DATA ELEMENTS--GENERAL INFORMATION | |
| fixed length control field | 240214b |||||||| |||| 00| 0 eng d |
| 020 ## - INTERNATIONAL STANDARD BOOK NUMBER | |
| International Standard Book Number | 978-81-962424-3-5 |
| 041 ## - LANGUAGE CODE | |
| Language code of text/sound track or separate title | English |
| 082 ## - DEWEY DECIMAL CLASSIFICATION NUMBER | |
| Classification number | PH 615.1 SUG DB1228 |
| 100 ## - MAIN ENTRY--PERSONAL NAME | |
| Author | Das Sudip & Sugandha |
| 245 ## - TITLE STATEMENT | |
| Title | Textbook of Pharmacology, Pathology and Genetics-II for BSc Nursing Students Semester-IV |
| 260 ## - PUBLICATION, DISTRIBUTION, ETC. | |
| Name of publisher, distributor, etc. | Lotus Publishers |
| Date of publication, distribution, etc. | 2023 |
| Place of publication, distribution, etc. | Punjab |
| 300 ## - PHYSICAL DESCRIPTION | |
| Extent | 447p |
| 365 ## - TRADE PRICE | |
| Price amount | 495.00 |
| 942 ## - ADDED ENTRY ELEMENTS (KOHA) | |
| Koha item type | Donated Book |
| Withdrawn status | Lost status | Source of classification or shelving scheme | Damaged status | Not for loan | Home library | Current library | Date acquired | Net Price | Bill number | Total Checkouts | Total Renewals | Full call number | Barcode | Date due | Date last seen | Date last checked out | Bill Date | Koha item type | Original Barcode | Vendor | Actual Price |
|---|---|---|---|---|---|---|---|---|---|---|---|---|---|---|---|---|---|---|---|---|---|
| Dewey Decimal Classification | Sitabai Nargundkar College of Nursing Nagpur | Sitabai Nargundkar College of Nursing Nagpur | 24/05/2024 | 450.00 | IK#2024-25#00021 | 36 | 1 | 616.07/DAS | SNCN-DB-197 | 16/04/2026 | 07/03/2026 | 07/03/2026 | 22/05/2024 | Donated Book | DB-197 | Donated by Ms. Ayushi Alone, Nagpur | 450.00 | ||||
| Dewey Decimal Classification | Smt. Bakul Tambat Institute of Nursing Education | Smt. Bakul Tambat Institute of Nursing Education | 13/02/2024 | 459.00 | 68 | 16 | 17 | PH 615.1 SUD DB1228 | BTIN-DB-1228 | 06/04/2026 | 02/03/2026 | 02/03/2026 | 14/02/2024 | Donated Book | DB1228 |